| 000 -LEADER |
| fixed length control field |
00647cam a22001577a 4500 |
| 008 - FIXED-LENGTH DATA ELEMENTS--GENERAL INFORMATION |
| fixed length control field |
180718b2006 xxu||||| |||| 00| 0 eng d |
| 020 ## - INTERNATIONAL STANDARD BOOK NUMBER |
| International Standard Book Number |
389204905X |
| 082 ## - DEWEY DECIMAL CLASSIFICATION NUMBER |
| Classification number |
D4054 B633 |
| 245 ## - TITLE STATEMENT |
| Title |
Cultures in globalization: a Europe- India dialogue on global challenges and cultural visions: proceedings of the International Cultural Forum New Delhi, Nov. 2005 |
| Statement of responsibility, etc. |
edited by Malte C. Boecker, Bibek Debroy and Hans-Georg Wieck |
| 260 ## - PUBLICATION, DISTRIBUTION, ETC. |
| Place of publication, distribution, etc. |
Gutersloh |
| Name of publisher, distributor, etc. |
Verlag Bertelsmann Stiftung |
| Date of publication, distribution, etc. |
2006 |
| 300 ## - PHYSICAL DESCRIPTION |
| Extent |
137p. |
| 650 ## - SUBJECT ADDED ENTRY--TOPICAL TERM |
| Topical term or geographic name entry element |
Culture and globalization --Europe --India |
| 700 ## - ADDED ENTRY--PERSONAL NAME |
| Personal name |
Wieck, Hans-George |
| 700 ## - ADDED ENTRY--PERSONAL NAME |
| Personal name |
Debroy, Bibek |
| 700 ## - ADDED ENTRY--PERSONAL NAME |
| Personal name |
Boecker, Malte C. |